| 000 | 00606nam a22001935i 4500 | ||
|---|---|---|---|
| 001 | 68577 | ||
| 003 | ES-MaACL | ||
| 007 | t| | ||
| 008 | 960809s1866 gw ||||1| eng d | ||
| 040 |
_aCAM _bspa _cCAM |
||
| 100 | 1 |
_aGaskell, Elizabeth. _955873 |
|
| 245 | 1 | 0 |
_aWives and daughters and every-day story / _cby Mrs. Gaskell. |
| 260 |
_aLeipzig : _bBernhard Tauchnitz, _c1866. |
||
| 300 |
_a331, 328, 312 p. ; _c16 cm. |
||
| 490 | 1 |
_aCollection of British authors ; _v851,852,853 |
|
| 830 | 0 |
_aCollection of British authors ; _v851,852,853 _9180703 |
|
| 852 |
_aES-MaACL _jG-12438 |
||
| 999 |
_c68577 _d68577 |
||